00759nam a2200229Ia 450000500170000000800410001702000270005804000190008504100120010408200180011610000190013424500540015326000350020730000160024250400190025865000220027765100770029985000120037694200070038899900160039595201180041120240219100143.0131103s9999 xx 000 0 und d aSBN 33390022 7cRs. 55 aLoreto College aEnglish a572.954 bFUC aFuchs, Stephen 4aThe Aboriginal Tribes of India, cStephen Fuchs aDelhibMacmillan Companyc1973 avi, 307 p.  aIncludes index aAboriginal tribes aCulture and institutions - Indigenous racial, ethnic and national groups aLCLIB  cBK c1049d51528 00102ddc4070aMAINbMAINd2013-11-04l1o572.954 FUC 22772pB1682r2014-03-21s2014-03-07w2013-11-04yBKf